000 00807cam a22002175a 4500
001 L140840
008 071015s2007 xxk f 000 0 eng d
022 1 _a1357-2318
035 _a(Sirsi) u140840
041 0 _aeng
050 0 4 _a692.5 $2 18
110 2 _aBuilding Cost Information Service
_91096
245 0 0 _aBCIS indices and forecasts
_bJuly 2007
260 _aLondon
_bBCIS
_c2007
300 _a44p.
_c30cm.
490 0 _aBCIS Indices and Forecasts
_vJuly 2007
520 _aBriefing -- Analysis of the current state of the construction industry -- Forecast -- Tender price indices -- Regional price indices -- Input cost indices -- Output price indices -- Long term trends -- Forecast of fluctuations
651 4 _aUnited Kingdom
_y
690 _aBUILT ENVIRONMENT-BUILDING COSTS
942 _n0
999 _c107550
_d107550